000 00512nam a2200169 i 4500
001 173357
003 ES-MaACL
005 20230906215224.0
008 091127s1970 xxua |||| | spa d
080 _a860(729.5)-14"19"
100 1 _aGares, Tomás R.
_9163456
245 1 0 _aFrutos de una nueva cosecha
_b: poemas /
_cTomás R. Gares.
250 _a1ª ed.
260 _aNueva York :
_bAsociación Puertorriqueña de Escritores,
_c1970.
300 _a140 p. :
_bil. ;
_c24 cm.
852 _aES-MaACL
_jC-56978
999 _c173357
_d173357